Dietari de l'excursió filològica : 1906 / Mn. Antoni M. Alcover 1906 / Mn. Antoni M. Alcover
Descripción Física:
108 p. ; 23'5 cm
Otros Autores:
Moll, Francesc de B.
Materias:
Alcover, Antoni M.
MARC
| LEADER | 00000nam a2200000Ia 4500 | ||
|---|---|---|---|
| 001 | 1427 | ||
| 008 | 160829s1983 xx 000 0 cat d | ||
| 080 | |a L-1-317 | ||
| 100 | |a Alcover, Antoni M. |9 37931 | ||
| 245 | |a Dietari de l'excursió filològica : |b 1906 / Mn. Antoni M. Alcover | ||
| 260 | |a Barcelona : |b Departament de Cultura de la Generalitat de Catalunya, |c 1983 | ||
| 300 | |a 108 p. ; |c 23'5 cm | ||
| 590 | |a Edició a cura de Francesc de B. Moll, commemorativa del cinquantenari de la mort de Mn. Antoni M. Alcover | ||
| 650 | |a Alcover, Antoni M. |9 37931 | ||
| 700 | |a Moll, Francesc de B. |9 37932 | ||
| 710 | 2 | |a Catalunya. |b Departament de Cultura |9 52819 | |
| 901 | |a Arxiu | ||
| 942 | |n 1 | ||
| 952 | |0 0 |1 0 |4 0 |6 L1317 |7 1 |9 48157 |a Arxiu |b Arxiu |d 2016-12-01 |l 0 |o L-1-317 |p 1427 |r 2016-12-01 00:00:00 |w 2016-12-01 |y ARXIU | ||
| 999 | |c 51960 |d 51960 | ||